Final stage: The ultimate science fiction anthology (Record no. 26246)
[ view plain ]
| 000 -LEADER | |
|---|---|
| fixed length control field | 00294nam a2200109Ia 4500 |
| 082 ## - DEWEY DECIMAL CLASSIFICATION NUMBER | |
| Classification number | 82-3 |
| Item number | FER |
| 100 ## - MAIN ENTRY--AUTHOR NAME | |
| Personal name | Ferman, Edward L |
| 245 #0 - TITLE STATEMENT | |
| Title | Final stage: The ultimate science fiction anthology |
| 260 ## - PUBLICATION, DISTRIBUTION, ETC. (IMPRINT) | |
| Place of publication | New York |
| Name of publisher | Penguin |
| Year of publication | 1975 |
| 942 ## - ADDED ENTRY ELEMENTS (KOHA) | |
| Koha item type | Books |
| Withdrawn status | Lost status | Damaged status | Not for loan | Home library | Current library | Date acquired | Cost, normal purchase price | Full call number | Accession Number | Koha item type |
|---|---|---|---|---|---|---|---|---|---|---|
| RRII Library | RRII Library | 16/12/2021 | 75.00 | 82-3 FER | 06884 | Books |